000 00532nam a2200217Ia 4500
003 OSt
005 20220924133934.0
006 a|||||r|||| 00| 0
007 ta
008 220923b |||||||| |||| 00| 0 snd d
024 _a271170
037 _cTextual
040 _aARTS
_cARTS
_bsnd
041 _2snd
_asnd
082 _a9, 1593K5
100 _aBatani Lachiram
_9207702
245 0 _aSant,sahitya ain itihas
260 _c1965
942 _h9, 1593K5
_cTEXL
_2CC
999 _c435792
_d435792